| 000 | 00968nam a22003137a 4500 | ||
|---|---|---|---|
| 003 | CHAP | ||
| 005 | 20220817041750.0 | ||
| 008 | 971013s1964 r 00010 d | ||
| 010 | _a23749 | ||
| 011 | _a24721 | ||
| 035 | _a28820 | ||
| 040 | _cCHAP | ||
| 082 |
_a633.18 _bC6 1964 |
||
| 110 |
_aComisión Internacional del Arroz _925746 |
||
| 245 |
_aWorking party on rice soils, water and fertilizer practices _b: ninth meeting, Manila, Philippines, 3-10 March 1964 |
||
| 260 |
_a(Rome) : _bFAO, _c1964 |
||
| 300 | _apág. varía | ||
| 490 | _aIRC/SF-64 | ||
| 590 |
_aBATCH-UPD _b10 _c20130110 _lUCH01 _h1126 |
||
| 590 |
_aCONVERSION _b10 _c20130109 _lUCH01 _h1314 |
||
| 650 | 1 | 4 |
_aArroz. _97554 |
| 650 | 1 | 4 |
_aFertilizantes _xEfecto en arroz. _940479 |
| 650 | 1 | 4 |
_aSuelos _xFertilidad. _9110367 |
| 710 | 0 | _aFAO. | |
| 830 | 0 |
_aIRC/SF-64 _960334 |
|
| 901 | _aBK | ||
| 942 | _cLIBRO | ||
| 949 |
_a633.18 C6 1964 _bBC _cLIBRO _d33724000209466 _eLIBRO _h22283 _i28820 _mD _si |
||
| 999 |
_c23749 _d23749 |
||